Recesia v európskom priestore. Všeobecný trend - pokles zamestnanosti.
9,6 percentná miera nezamestnanosti v polovici r. 1992 v krajinách Európskych spoločenstiev. Situácia a komentované štatistické údaje za západoeuópske krajiny, USA, postkomunistický blok. Trendy zamestnanosti do r. 2000 podľa novín The European z 30.12.1992.
Gespeichert in:
| 1. Verfasser: | |
|---|---|
| Format: | Buchkapitel |
| Sprache: | Slowakisch |
| Schlagworte: | |
| Tags: |
Keine Tags, Fügen Sie das erste Tag hinzu!
|
MARC
| LEADER | 00000naa a2200000 4500 | ||
|---|---|---|---|
| 001 | r011372 | ||
| 005 | 20220826094304.3 | ||
| 041 | 0 | |a slo | |
| 044 | |a [CS] | ||
| 245 | 1 | 0 | |a Recesia v európskom priestore. |b Všeobecný trend - pokles zamestnanosti. |c Vojtech Stanek |
| 520 | |a 9,6 percentná miera nezamestnanosti v polovici r. 1992 v krajinách Európskych spoločenstiev. Situácia a komentované štatistické údaje za západoeuópske krajiny, USA, postkomunistický blok. Trendy zamestnanosti do r. 2000 podľa novín The European z 30.12.1992. | ||
| 610 | 2 | 0 | |a zamestnanosť |
| 610 | 2 | 0 | |a nezamestnanosť |
| 610 | 2 | 0 | |a Európske spoločenstvá |
| 610 | 2 | 0 | |a východná Európa |
| 610 | 2 | 0 | |a USA |
| 610 | 2 | 0 | |a 2000 |
| 610 | 2 | 0 | |a recesia |
| 610 | 2 | 0 | |a údaje štatistické |
| 100 | 1 | |a Stanek, Vojtech | |